| 000 | 01080nam a2200205 a 4500 | ||
|---|---|---|---|
| 001 | 000046871 | ||
| 005 | 20250122110933.0 | ||
| 008 | 180404s2015 dr abc 000 0 spa d | ||
| 020 | _a9789945899603 | ||
| 040 |
_aDO-SdBNP _bspa _cBNPHU |
||
| 082 |
_axxxx _bB622r |
||
| 100 |
_aBisonó Haza, Víctor O., _d1963- _955852 |
||
| 245 | 1 | 0 |
_aReflexiones para una transformación en República Dominicana / _cIto Bisonó ; presentación Luis G. Fortuño. |
| 260 |
_aSanto Domingo : _bMediáticos Consultores, _c2015. |
||
| 300 |
_a179 p. : _bil., retrs., mapa ; _c23 cm. |
||
| 500 | _aIncluye datos biográficos del autor en la solapa de la cubierta | ||
| 505 | 0 | _aInserción en el mundo y competitividad -- Seguridad ciudadana y combate contra las drogas -- Un país educado -- Un país saludable -- Un país donde la justicia funcione igual para todos -- Energía y medio ambiente -- Demografía e inmigración -- Equidad social e igualdad para todos -- Empleo y desarrollo económico -- Ito Bisonó. | |
| 590 | _aInventariado, 2018 /LP | ||
| 700 | 1 |
_aFortuño, Luis G., _eprest. _974819 |
|
| 999 |
_c46360 _d46360 |
||